|
|
|
|
| LEADER |
02015nam a2200553 i 4500 |
| 001 |
nkc20203171913 |
| 003 |
CZ PrNK |
| 005 |
20200225144311.0 |
| 007 |
ta |
| 008 |
200120s2019 xr ach e 000 0 cze |
| 015 |
|
|
|a cnb003171913
|
| 020 |
|
|
|a 978-80-906848-3-6
|q (brožováno)
|
| 035 |
|
|
|a (OCoLC)1143830432
|
| 040 |
|
|
|a BOA001
|b cze
|e rda
|
| 043 |
|
|
|a e-xr---
|b e-xr-st
|2 czenas
|
| 045 |
|
|
|a u7x3
|
| 072 |
|
7 |
|a 343
|x Trestní právo
|2 Konspekt
|9 16
|
| 080 |
|
|
|a 343.3/.7
|2 MRF
|
| 080 |
|
|
|a 343.3/.7(091)
|2 MRF
|
| 080 |
|
|
|a 343.1
|2 MRF
|
| 080 |
|
|
|a (437.312)
|2 MRF
|
| 080 |
|
|
|a (0:82-96)
|2 MRF
|
| 100 |
1 |
|
|a Kadlec, Petr,
|d 1979-
|7 pna2010580729
|4 aut
|
| 245 |
1 |
0 |
|a Zločin na dobříšském okrese :
|b 1670-1939 /
|c Petr Kadlec
|
| 250 |
|
|
|a Vydání 1.
|
| 264 |
|
1 |
|a Dobříš :
|b Petr Kadlec,
|c 2019
|
| 300 |
|
|
|a 234 stran :
|b ilustrace, portréty, faksimile ;
|c 21 cm
|
| 336 |
|
|
|a text
|b txt
|2 rdacontent
|
| 337 |
|
|
|a bez média
|b n
|2 rdamedia
|
| 338 |
|
|
|a svazek
|b nc
|2 rdacarrier
|
| 504 |
|
|
|a Obsahuje bibliografii a bibliografické odkazy
|
| 648 |
|
7 |
|a 17.-20. století
|7 ch757026
|2 czenas
|
| 648 |
|
4 |
|a 1670-1939
|
| 650 |
0 |
7 |
|a kriminální případy
|7 ph121958
|z Česko
|y 17.-20. století
|2 czenas
|
| 650 |
0 |
7 |
|a dějiny kriminality
|7 ph489104
|z Česko
|y 17.-20. století
|2 czenas
|
| 650 |
0 |
7 |
|a soudní případy
|7 ph125857
|z Česko
|y 17.-20. století
|2 czenas
|
| 650 |
0 |
9 |
|a criminal cases
|z Czechia
|y 17th-20th centuries
|2 eczenas
|
| 650 |
0 |
9 |
|a history of crime
|z Czechia
|y 17th-20th centuries
|2 eczenas
|
| 650 |
0 |
9 |
|a court cases
|z Czechia
|y 17th-20th centuries
|2 eczenas
|
| 651 |
|
7 |
|a Dobříš (Česko : oblast)
|7 ge206765
|2 czenas
|
| 651 |
|
9 |
|a Dobříš Region (Czechia)
|2 eczenas
|
| 655 |
|
7 |
|a literatura faktu
|7 fd132773
|2 czenas
|
| 655 |
|
9 |
|a non-fiction
|2 eczenas
|
| 910 |
2 |
|
|a BOA001
|b 2-1442.205
|
| 928 |
9 |
|
|a Knihy Kadlec
|
| 990 |
|
|
|a BK
|
| 995 |
|
|
|a 01
|
| 991 |
|
|
|b 202002
|c NOV
|
| 996 |
6 |
|
|b 2610812915
|c 2-1442.205
|l MZK
|r Sklad / do 1 hodiny
|n 0
|p p.v.
|w 001778255
|u 000010
|a 1
|e BOA001
|j MZK50
|s P
|